[Event "VIE-ch U15"]
[Site "Ho Chi Minh City"]
[Date "2022.07.16"]
[Round "8"]
[White "Tran, Dang Minh Duc"]
[Black "Dang, Anh Minh"]
[Result "0-1"]
[WhiteElo "2305"]
[BlackElo "2307"]
[PlyCount "89"]
[EventDate "2022.07.11"]
[EventType "swiss"]
[EventRounds "9"]
[EventCountry "VIE"]
[SourceTitle "EXT 2023"]
[Source "ChessBase"]
[SourceDate "2022.10.05"]
[SourceVersion "1"]
[SourceVersionDate "2022.10.05"]
[SourceQuality "1"]

1. d4 Nf6 2. g3 e6 3. Bg2 c5 4. Nf3 Nc6 5. 0-0 d5 6. c4 dxc4 7. Qa4 Bd7 8. Qxc4 b5 9. Qc3 c4 10. Bg5 Be7 11. Bxf6 Bxf6 12. e4 0-0 13. Nbd2 Qb6 14. e5 Be7 15. Ne4 Rfd8 16. Rfd1 Be8 17. Qe3 Kh8 18. Neg5 h6 19. Ne4 Nb4 20. Qf4 Nd5 21. Qd2 Rac8 22. Rac1 b4 23. Ne1 c3 24. bxc3 Nxc3 25. Nxc3 bxc3 26. Qe3 Ba4 27. Rd3 c2 28. Be4 Qb2 29. a3 Rc4 30. Nf3 Rdc8 31. Kg2 Rc3 32. Ne1 Bxa3 33. Rxc3 Rxc3 34. Qd2 Rc8 35. Nd3 Qxd4 36. Qf4 Bxc1 37. Nxc1 Bc6 38. Bxc6 Qxf4 39. gxf4 Rxc6 40. Kf3 Rc8 41. Ke3 Rd8 42. Na2 a5 43. Ke2 a4 44. Nc1 a3 45. Na2 0-1

[Event "VIE-ch U15"]
[Site "Hanoi"]
[Date "2022.06.17"]
[Round "9"]
[White "Dang, Anh Minh"]
[Black "Tran, Dang Minh Duc"]
[Result "1/2-1/2"]
[WhiteElo "2311"]
[BlackElo "2323"]
[PlyCount "28"]
[EventDate "2022.06.11"]
[EventType "swiss"]
[EventRounds "9"]
[EventCountry "VIE"]
[SourceTitle "EXT 2023"]
[Source "ChessBase"]
[SourceDate "2022.10.05"]
[SourceVersion "1"]
[SourceVersionDate "2022.10.05"]
[SourceQuality "1"]

1. d4 d5 2. c4 c6 3. Nf3 Nf6 4. Nc3 dxc4 5. a4 Bf5 6. e3 e6 7. Bxc4 Nbd7 8. 0-0 Bb4 9. Qe2 Bg6 10. e4 0-0 11. Bd3 Bh5 12. h3 Re8 13. g4 Bg6 14. Ne5 c5 1/2-1/2

[Event "Hanoi op"]
[Site "Hanoi"]
[Date "2019.02.23"]
[Round "3"]
[White "Tran, Dang Minh Duc"]
[Black "Tran, Dang Minh Quang"]
[Result "0-1"]
[WhiteElo "1471"]
[BlackElo "1936"]
[PlyCount "97"]
[EventDate "2019.02.22"]
[EventType "swiss"]
[EventRounds "9"]
[EventCountry "VIE"]
[SourceTitle "EXT 2021"]
[Source "ChessBase"]
[SourceDate "2020.10.23"]
[SourceVersion "1"]
[SourceVersionDate "2020.10.23"]
[SourceQuality "1"]

1. d4 d5 2. c4 c6 3. Nc3 Nf6 4. cxd5 cxd5 5. Bf4 Nc6 6. Nf3 Bf5 7. e3 e6 8. Bb5 Be7 9. Bxc6+ bxc6 10. Ne5 Rc8 11. 0-0 0-0 12. Na4 c5 13. Nxc5 Bxc5 14. dxc5 Rxc5 15. Bg5 Rc2 16. Qd4 Qe7 17. Rac1 Rfc8 18. Rxc2 Rxc2 19. a3 h6 20. Bh4 g5 21. Bg3 Ne4 22. b4 Nd2 23. Re1 f6 24. Ng4 Bxg4 25. Qxg4 Ne4 26. Qh5 Kg7 27. Qd1 Rc3 28. Qa1 Rc4 29. Rc1 Qd7 30. Qb2 Qc6 31. Rxc4 dxc4 32. f3 c3 33. Qc2 Nxg3 34. hxg3 Qc4 35. Kf2 h5 36. f4 f5 37. b5 Kf6 38. a4 e5 39. fxe5+ Kxe5 40. a5 Qb4 41. b6 axb6 42. a6 Qb2 43. Qxb2 cxb2 44. a7 b1Q 45. a8Q Qc2+ 46. Kg1 Qc1+ 47. Kh2 Qxe3 48. Qe8+ Kd4 49. Qb5 0-1

[Event "VIE-ch U11"]
[Site "Hai Phong"]
[Date "2018.07.07"]
[Round "2"]
[White "Nguyen, Le Nhat Huy"]
[Black "Tran, Dang Minh Duc"]
[Result "0-1"]
[WhiteElo "1875"]
[BlackElo "1905"]
[PlyCount "112"]
[EventDate "2018.07.07"]
[EventType "swiss"]
[EventRounds "9"]
[EventCountry "VIE"]
[SourceTitle "EXT 2019"]
[Source "ChessBase"]
[SourceDate "2018.10.10"]
[SourceVersion "1"]
[SourceVersionDate "2018.10.10"]
[SourceQuality "1"]

1. e4 e5 2. Nf3 Nc6 3. Bc4 Bc5 4. c3 Nf6 5. d4 exd4 6. e5 d5 7. Bb5 Ne4 8. cxd4 Bb4+ 9. Bd2 Nxd2 10. Nbxd2 Bd7 11. Bxc6 Bxc6 12. 0-0 0-0 13. a3 Be7 14. h3 f6 15. b4 a5 16. Rb1 axb4 17. axb4 Bb5 18. Re1 Ra4 19. Re3 Rxb4 20. Rxb4 Bxb4 21. Nb3 b6 22. Nc1 fxe5 23. dxe5 Bc5 24. Re1 Re8 25. Nd3 Bf8 26. Nf4 Bc4 27. Nd4 Bc5 28. Nde6 Qe7 29. Nxc5 Qxc5 30. e6 Qd6 31. Qh5 Re7 32. Qe5 Qxe5 33. Rxe5 d4 34. Nd5 Bxd5 35. Rxd5 Rxe6 36. Rxd4 c5 37. Rd8+ Kf7 38. Rc8 Re5 39. Rb8 Re6 40. Rb7+ Kf6 41. Rc7 h5 42. g3 g6 43. Kg2 Ke5 44. Rd7 c4 45. Rc7 Kd4 46. Kf3 c3 47. g4 hxg4+ 48. hxg4 Kd3 49. Rd7+ Kc4 50. Rc7+ Kb3 51. Kg3 c2 52. f4 Kb2 53. f5 gxf5 54. gxf5 Rf6 55. Kf4 c1Q+ 56. Rxc1 Kxc1 0-1